=LDR 00000nam 2200000 4500 =001 INLIS000000000033331 =005 20130612135307 =008 ***********************************ind** =035 ##$$0010-061300000033331 =041 ##$$a ind =082 ##$$a 350.532 =090 ##$$a 352.532, Kur,t =100 ##$$a Kurniawan,Agung =245 ##$$a Tranformasi Birokrasi, Agung Kurniawan =260 ##$$a Universitas Atmajaya. 009 $b Yogyakarta =300 ##$$a x.145 hlm., 21 cm =650 ##$$a Birokrasi - Transformasi =850 ##$$a NBPNMAT